| 000 | 00000nam##2200000za#4500 |
| 001 | 9.574151 |
| 003 | CaOODSP |
| 005 | 20210624184038 |
| 007 | cr ||||||||||| |
| 008 | 150406|1997||||xxc|||||o f|0| 0 eng|d |
| 022 | |a1488-5379 |
| 040 | |aCaOODSP|beng |
| 043 | |an-cn--- |
| 086 | 1 |aFs97-6/2167E-PDF |
| 110 | 1 |aCanada. |bDepartment of Fisheries and Oceans. |
| 245 | 10|aPhysical oceanography of the Richibucto Estuary (New Brunswick) : |h[electronic resource]|bautumn conditions in 1995 / |cby André St-Hilaire, Andrew D. Boghen and Simon C. Courtenay. |
| 260 | |aMoncton - New Brunswick : |bFisheries and Oceans Canada |c1997. |
| 300 | |a36p.|bgraphs, map, references, tables |
| 490 | 1 |aCanadian technical report of fisheries and aquatic sciences|x1488-5379|v2167 |
| 500 | |aThe catalogue number (Fs97-6/2167E) and ISSN (0706-6457) for the print edition have been incorrectly copied in this electronic publication. |
| 546 | |a(Résumé en français) |
| 590 | |a12-26-Supp|b2012-06-07 |
| 720 | 1 |aSt-Hilaire, André |
| 720 | 1 |aCourtenay, Simon C. |
| 720 | 1 |aBoghen, Andrew D. |
| 776 | 0#|tPhysical oceanography of the Richibucto Estuary (New Brunswick) : |w(CaOODSP)9.613820 |
| 830 | #0|aCanadian technical report of fisheries and aquatic sciences,|x1488-5379|v2167|w(CaOODSP)9.504449 |
| 856 | 40|ahttp://publications.gc.ca|qPDF|s644 KB|uhttps://publications.gc.ca/collections/collection_2012/mpo-dfo/Fs97-6-2167-eng.pdf|y2167 |